Historial general de los viajes, ó nueva colección de todas las relaciones de los que se han hecho por Mar, y Tierra, y se han publicado hasta ahora en diferentes Lenguas de todas las Naciones conocidas (Record no. 8617)

MARC details
000 -CABECERA
campo de control de longitud fija 01681nam a2200301 a 4500
001 - NÚMERO DE CONTROL
campo de control BRCA_8966
003 - IDENTIFICADOR DEL NÚMERO DE CONTROL
campo de control FranzMayer
005 - FECHA Y HORA DE LA ÚLTIMA TRANSACCIÓN
campo de control 20230724120157.0
008 - DATOS DE LONGITUD FIJA--INFORMACIÓN GENERAL
campo de control de longitud fija 060717m17631768sp-#######---#000-0#spa-#
040 ## - FUENTE DE LA CATALOGACIÓN
Centro catalogador/agencia de origen MFM
Lengua de catalogación spa
Centro/agencia transcriptor MFM
041 ## - CÓDIGO DE LENGUA
Código de lengua del texto/banda sonora o título independiente spa
044 ## - CÓDIGO DEL PAÍS DE LA ENTIDAD EDITORA/PRODUCTORA
Código MARC del país sp
084 ## - OTRO NÚMERO DE CLASIFICACIÓN
Número de clasificación LM2
Número de documento/Ítem .H57 1763
245 10 - MENCIÓN DE TÍTULO
Título Historial general de los viajes, ó nueva colección de todas las relaciones de los que se han hecho por Mar, y Tierra, y se han publicado hasta ahora en diferentes Lenguas de todas las Naciones conocidas
Resto del título donde se contiene lo más notables, útil, y más cierto de los países, adonde han penetrado los Viageros, con las Costumbres, Religión, Usos, Artes, Ciencias, Comercio, y Manufacturas de sus Habitantes
Mención de responsabilidad, etc. obra traducida del Inglés al Francés por el Abate Antonio Francisco Prevost; y al Castellano por Don Miguel Terracina; tomo primero.
260 ## - PUBLICACIÓN, DISTRIBUCIÓN, ETC.
Lugar de publicación, distribución, etc. Madrid
Nombre del editor, distribuidor, etc. En la Imprenta de D. Juan Antonio Lozano
Fecha de publicación, distribución, etc. 1763, 1768
300 ## - DESCRIPCIÓN FÍSICA
Extensión 4 v.
Dimensiones 20.8 x 15.8 cm
500 ## - NOTA GENERAL
Nota general En portada: Aumentada con las Relaciones de los últimos Viages, que se han hecho en este siglo
500 ## - NOTA GENERAL
Nota general En portada: se hallarà en la Imprenta del Real, y Supremo Consejo de las Indias, calle del Clavel, esquina à la de la Reyna
500 ## - NOTA GENERAL
Nota general Con licencia
500 ## - NOTA GENERAL
Nota general Estado físico: presenta encuadernación en pergamino con cintas rotas y lomo semi desprendido
500 ## - NOTA GENERAL
Nota general La biblioteca cuenta con los siguientes tomos: 1, 3, 8, 4
650 14 - PUNTO DE ACCESO ADICIONAL DE MATERIA--TÉRMINO DE MATERIA
Término de materia o nombre geográfico como elemento de entrada Viajes y travesías
Subdivisión cronológica Siglos XV - XVIII
9 (RLIN) 22268
650 14 - PUNTO DE ACCESO ADICIONAL DE MATERIA--TÉRMINO DE MATERIA
Término de materia o nombre geográfico como elemento de entrada Viajes alrededor del mundo
9 (RLIN) 10041
700 1# - PUNTO DE ACCESO ADICIONAL--NOMBRE DE PERSONA
Nombre de persona Prevost, Antonio Francisco
Término indicativo de función/relación tr.
9 (RLIN) 22269
700 1# - PUNTO DE ACCESO ADICIONAL--NOMBRE DE PERSONA
Nombre de persona Terracina, Miguel
Término indicativo de función/relación tr.
9 (RLIN) 22270
902 ## - CATALOGADOR
Iniciales CFM
942 ## - ELEMENTOS DE PUNTO DE ACCESO ADICIONAL (KOHA)
Fuente del sistema de clasificación o colocación Library of Congress Classification
Tipo de ítem Koha Libros
Holdings
Estado de retiro Estado de pérdida Estado dañado No para préstamo Localización permanente Ubicación/localización actual Fecha de adquisición Total de préstamos Signatura topográfica completa Código de barras Fecha visto por última vez Precio válido a partir de Tipo de ítem Koha Código de colección
El ejemplar forma parte de la colección y puede ser consultado según las políticas vigentes.       Biblioteca del Museo Franz Mayer (Rogerio Casas-Alatriste) Biblioteca del Museo Franz Mayer (Rogerio Casas-Alatriste) 06/07/2017   LM2 .H57 1763 CFM00296 22/03/2019 22/03/2019 Libros  
El ejemplar forma parte de la colección y puede ser consultado según las políticas vigentes.       Biblioteca del Museo Franz Mayer (Rogerio Casas-Alatriste) Biblioteca del Museo Franz Mayer (Rogerio Casas-Alatriste) 13/09/2017   LM2 .H57 1763 CFM00297 22/03/2019 22/03/2019 Libros Conventual Franz Mayer
El ejemplar forma parte de la colección y puede ser consultado según las políticas vigentes.       Biblioteca del Museo Franz Mayer (Rogerio Casas-Alatriste) Biblioteca del Museo Franz Mayer (Rogerio Casas-Alatriste) 13/09/2017   LM2 .H57 1763 CFM00298 22/03/2019 22/03/2019 Libros Conventual Franz Mayer
El ejemplar forma parte de la colección y puede ser consultado según las políticas vigentes.       Biblioteca del Museo Franz Mayer (Rogerio Casas-Alatriste) Biblioteca del Museo Franz Mayer (Rogerio Casas-Alatriste) 13/09/2017   LM2 .H57 1763 CFM00299 22/03/2019 22/03/2019 Libros Conventual Franz Mayer